El cuerpo humano / (Record no. 12795)

MARC details
000 -CABECERA
campo de control de longitud fija 00721nam a2200229 a 4500
005 - FECHA Y HORA DE LA ÚLTIMA TRANSACCIÓN
campo de control 20240912063808.0
008 - ELEMENTOS DE LONGITUD FIJA--INFORMACIÓN GENERAL
campo de control de longitud fija 991125s1994 es 000 0 spa u
020 ## - NÚMERO INTERNACIONAL NORMALIZADO PARA LIBROS
Número Internacional Estándar del Libro 8434844427
035 ## - NÚMERO DE CONTROL DEL SISTEMA
Número de control de sistema UPN01000012795
049 ## - COLECCIÓN
Colección I
050 #4 - SIGNATURA TOPOGRÁFICA DE LA BIBLIOTECA DEL CONGRESO
Número de clasificación QM27
Número de documento/Ítem H3.28
100 1# - ASIENTO PRINCIPAL--NOMBRE PERSONAL
Nombre de persona Haslam, Andrew,
Fechas asociadas al nombre 1958-
9 (RLIN) 28389
245 13 - MENCIÓN DE TÍTULO
Título El cuerpo humano /
Mención de responsabilidad, etc. Andrew Haslam ; escrito por Lis Wyse ; tr. Fernando Bort Misol ; fotografía Jon Barnes.
260 ## - PUBLICACIÓN, DISTRIBUCIÓN, ETC.
Lugar de publicación, distribución, etc. Madrid :
Nombre del editor, distribuidor, etc. SM,
Fecha de publicación, distribución, etc. 1994.
300 ## - DESCRIPCIÓN FÍSICA
Extensión 48 p. :
Otras características físicas principalmente il. col.
440 #0 - MENCIÓN DE SERIE/ASIENTO SECUNDARIO--TÍTULO
Título Experimenta con ;
Designación de volumen o secuencia 7
534 ## - NOTA SOBRE LA VERSIÓN ORIGINAL
Frase introductoria Traducción de:
Mención de título del original Make it work! Body
650 #2 - ASIENTO SECUNDARIO DE MATERIA - TERMINO TEMATICO
Término de materia o nombre geográfico como elemento de entrada Anatomía humana
9 (RLIN) 582
650 #2 - ASIENTO SECUNDARIO DE MATERIA - TERMINO TEMATICO
Término de materia o nombre geográfico como elemento de entrada Cuerpo humano
9 (RLIN) 9138
700 1# - ASIENTO SECUNDARIO--NOMBRE DE PERSONAL
Nombre de persona Wyse, Lis,
Término indicativo de función/relación coaut.
905 ## - TIPO DE MATERIAL
Tipo de material Infantil
Holdings
Estado de retiro Estado de pérdida Fuente del sistema de clasificación o colocación Estado dañado No para préstamo Código de colección Localización permanente Ubicación/localización actual Ubicación en estantería Fecha de adquisición Total de préstamos Clasificación Código de barras Fecha visto por última vez Fecha del último préstamo Número de copia Tipo de ítem Koha
    Library of Congress Classification     Infantil Bib. Gregorio Torres Quintero Bib. Gregorio Torres Quintero Sala infantil Planta baja 05/09/2022 3 QM27 H3.28 163669 21/09/2022 05/09/2022 1 Libro